| 000 | 00549nam a22001937a 4500 | ||
|---|---|---|---|
| 003 | LK-CoDNM | ||
| 005 | 20250123113215.0 | ||
| 008 | 250123b |||||||| |||| 00| 0 eng d | ||
| 040 |
_aLK-CoDNM _dLK-CoDNM _eLK-CoDNM |
||
| 041 | _aeng | ||
| 080 |
_a13 _bE1 |
||
| 100 | _aFoster, Professor Michael | ||
| 110 | _aLankester, Professor E. Ray | ||
| 245 | _aThe Scientific Memories of Thomas Henry Huxley - Volume i | ||
| 260 |
_aLondon _bMacmillan and CO. Limited _c1898 |
||
| 300 | _axv, 606p. : ill ; 26 cm | ||
| 650 | _aScience | ||
| 942 | _cBK | ||
| 999 |
_c237296 _d237296 |
||